Представление документа в формате RUSMARC

ПолеНазваниеЗначение
  Тип записи a
  Библиографический уровень m
001 Контрольный номер a731ae9a9d9c45e49ccc8e3480fae943
005 Дата корректировки 20140626135536.7
010 Индекс ISBN __
a ISBN 5-7709-0288-4
200 Заглавие и сведения об ответственности 1_
a Заглавие Настольная книга бухгалтера бюджетного учреждения
e Сведения, относящиеся к заглавию сб.документов
f Первые сведения об ответственности [сост.И.В.Алексеева]
210 Выходные данные 1_
a Место издания М.
c Издательство МЦФЭР
d Дата издания 2004
215 Физическое описание __
a Объем 718 с.
225 Серия 2_
a Серия Прил.к журн."Консультант";вып.16,2004
300 Общие примечания __
a Общие примечания 2экз.
610 Ключевые слова 0_
a Ключевые слова бухгалтерская деятельность
610 Ключевые слова 0_
a Ключевые слова бухгалтерская информация
610 Ключевые слова 0_
a Ключевые слова бухгалтерская отчетность
610 Ключевые слова 0_
a Ключевые слова бухгалтерские документы
610 Ключевые слова 0_
a Ключевые слова бухгалтерские службы
610 Ключевые слова 0_
a Ключевые слова бухгалтерский учет
610 Ключевые слова 0_
a Ключевые слова бухгалтерский учет в бюджетных организациях
610 Ключевые слова 0_
a Ключевые слова бухгалтерский учет на предприятии
610 Ключевые слова 0_
a Ключевые слова бухгалтерского учета стандарты
610 Ключевые слова 0_
a Ключевые слова бухгалтеры
610 Ключевые слова 0_
a Ключевые слова бюджет
610 Ключевые слова 0_
a Ключевые слова бюджета исполнение
610 Ключевые слова 0_
a Ключевые слова бюджета структура
610 Ключевые слова 0_
a Ключевые слова бюджетное законодательство
610 Ключевые слова 0_
a Ключевые слова бюджетное планирование
610 Ключевые слова 0_
a Ключевые слова бюджетное регулирование
610 Ключевые слова 0_
a Ключевые слова бюджетное устройство
610 Ключевые слова 0_
a Ключевые слова бюджетные системы
610 Ключевые слова 0_
a Ключевые слова бюджетные средства
610 Ключевые слова 0_
a Ключевые слова бюджетные учреждения
686 Индексы других классификаций __
a Классификационный индекс 65.052.9(2)247
2 Код системы rubbk
801 Источник записи _0
a Страна RU
b Организация РУК
c Дата составления 20041221
g Правила каталогизации PSBO
801 Источник записи _1
a Страна RU
b Организация РУК
c Дата составления 20041221
g Правила каталогизации PSBO
852 Данные о местонахождении __
i Авторский знак Н 32
j Шифр хранения ББК 65.052
901 Тип документа __
t Тип документа m
938 Служебная информация __
a Название организации Головной вуз
b Имя БД BOOK
c Название АИБС АИБС ИРБИС